01261cam a22003133a 4500001000500000005001700005020001700022040004000039050001400079082001100093100002600104245003300130260003300163300004000196490002500236500002600261505000800287520028900295521002000584521002000604650002100624650003700645655002800682655002800710906004500738942001500783999001500798952013400813112220230829142052.0 a078073004997 aZABcZABdSLCdOCLdOCLCQdDLCbeng00aPZ7.A6483 a813.541 aApplegate, Katherine.14aThe attack cK.A. Applegate. aNew York :bScholasticc1999 a145 pages :billustrations ;c20 cm1 aAnimorphs ;vBook 26 a"An Apple paperback." aO  ahe Ellimist has helped the Animorphs many times. He is all-powerful and has only one enemy, the Crayak. In a cosmic showdown, the two enemies choose champions to represent them in a battle to end all battles. The Crayak chooses the dreaded Howlers. The Ellimist chooses the Animorphs. a600 bLexile  aO bRaz-Plus  0aScience fiction. 0aMetamorphosisvJuvenile fiction. 7aFantasy fiction.2gsafd 7aFantasy fiction.2gsafd a7bcbcccopycatd2encipf20gy-genrareb cBK2ddcn0 c1122d1122 00102ddc40708JUVFa001b001cTTPd2023-08-01l1oAPP Fic PZ7.A6483pFIS00901r2024-03-12 11:56:36s2024-03-05w2023-08-01yBK